Biosocial criminology / 4 Socio-legal and criminal justice applications

Guardado en:  
Detalles Bibliográficos
Tipo de documento: Print Libro
Lenguaje:Inglés
Publicado: London [u.a.] Routledge 2016
En: Biosocial criminology critical concepts in criminology
Año: 2016
Edición:1. publ.
Acceso en línea: Índice
Disponibilidad en Tübingen:Disponible en Tübingen.
UB: KB 20 A 8716-4
Verificar disponibilidad: HBZ Gateway
Servicio de pedido Subito: Pedir ahora.

MARC

LEADER 00000cam a2200000 cc4500
001 1522097457
003 DE-627
005 20240505001910.0
007 tu
008 151118s2016 xxk||||| 00| ||eng c
020 |a 9781138014879  |c Hbk  |9 978-1-138-01487-9 
035 |a (DE-627)1522097457 
035 |a (DE-576)452097452 
035 |a (DE-599)BSZ452097452 
035 |a (OCoLC)985450742 
040 |a DE-627  |b ger  |c DE-627  |e rakwb 
041 |a eng 
044 |c XA-GB 
084 |a 2,1  |2 ssgn 
245 0 0 |a Biosocial criminology  |n 4  |p Socio-legal and criminal justice applications  |c ed. by Matt DeLisi ... 
250 |a 1. publ. 
264 1 |a London [u.a.]  |b Routledge  |c 2016 
300 |a XI, 501 S.  |b graph. Darst. 
336 |a Text  |b txt  |2 rdacontent 
337 |a ohne Hilfsmittel zu benutzen  |b n  |2 rdamedia 
338 |a Band  |b nc  |2 rdacarrier 
583 1 |a Archivierung/Langzeitarchivierung gewährleistet  |f SSG  |x XA-DE-BW  |2 pdager  |5 DE-21 
773 1 8 |a Biosocial criminology critical concepts in criminology  |w (DE-627)152209718X  |w (DE-576)452097185  |g 4  |q 4  |7 nnam 
856 4 2 |u https://swbplus.bsz-bw.de/bsz452097452inh.htm  |m B:DE-576;DE-Frei85  |q application/pdf  |v 20151222121052  |x Verlag  |3 Inhaltsverzeichnis  |7 1 
935 |a mkri 
951 |a MV 
ELC |b 1 
LOK |0 000 xxxxxcx a22 zn 4500 
LOK |0 001 2964245231 
LOK |0 003 DE-627 
LOK |0 004 1522097457 
LOK |0 005 20170424152021 
LOK |0 008 170406||||||||||||||||ger||||||| 
LOK |0 040   |a DE-21  |c DE-627  |d DE-21 
LOK |0 852   |a DE-21 
LOK |0 852 1  |c KB 20 A 8716-4  |9 00 
LOK |0 935   |a krim 
LOK |0 938   |a 1704  |f 34 
LOK |0 939   |a 06-04-17  |b l01 
LOK |0 000 xxxxxcx a22 zn 4500 
LOK |0 001 2873511044 
LOK |0 003 DE-627 
LOK |0 004 1522097457 
LOK |0 005 20151218102630 
LOK |0 008 151118||||||||||||||||ger||||||| 
LOK |0 040   |a DE-Frei85  |c DE-627  |d DE-Frei85 
LOK |0 852   |a DE-Frei85 
LOK |0 852 1  |m p  |9 00 
LOK |0 938   |k p 
LOK |0 939   |a 18-11-15  |b l01 
ORI |a SA-MARC-krimdoka001.raw 
SIG |a UB: KB 20 A 8716-4